00624nam a2200181Ia 4500999001500000020001800015082001300033245009500046260003900141300001000180650004800190650002500238650002400263700001900287700001500306942000700321952011400328 c2240d2240 a81-7036-698-4 a954 BET; 0aBetween tradition and modernity: India's search for identity:a twentieth century anthology aNew DelhibSage Publicationsc1998 a374p. aIndia - Politics and government - 1765-1947 aIndia - Civilization aNationalism - India aDallmayr, Fred aDevy, G.N. cBK 00104070aNASSDOCbNASSDOCd2004-06-08i2004-10-05l0o954 BET;p36689r2019-04-18 00:00:00w2019-04-18yBK